000 00623nam a2200133Ia 4500
008 220620s9999||||xx |||||||||||||| ||und||
020 _a9782890000000
245 0 _aSpiking Neural Network Learning, Benchmarking, Programming and Executing
546 _aEnglish[eng]
650 _adeep spiking neural networks||SNN learning algorithms||programming framework||SNN benchmarks||neuromorphics
700 _aLi, Guoqi||Li, Haizhou||Li, Peng||Neftci, Emre O.||Deng, Lei||Song, Yam
856 _uhttps://www.frontiersin.org/research-topics/8540/spiking-neural-network-learning-benchmarking-programming-and-executing
942 _cEB
999 _c27257
_d27257